| 000 | 00806nam a2200253 a 4500 | ||
|---|---|---|---|
| 001 | 13037 | ||
| 003 | BD-JhCC | ||
| 005 | 20230614111115.0 | ||
| 008 | 230614s 2019bg |||| ||a| 000 0 ben d | ||
| 020 | _a9789849313151 | ||
| 035 | _a(BD-JhCC)13037 | ||
| 040 |
_aBD-JhCC _dBD-JhCC |
||
| 041 | _aben | ||
| 082 |
_a133.5 _bSHA 2019 |
||
| 100 | _aসাহা, সৌমেন | ||
| 245 |
_aজ্যোতির্বিজ্ঞান কি ও কেন? / _cসৌমেন সাহা । |
||
| 260 |
_aঢাকা: _bঅন্যথারা, _c২০১৯. |
||
| 300 |
_a২০৪ পৃ. : _c২২ সেমি. |
||
| 504 | _aগ্রন্থপঞ্জি সংযোজিত। | ||
| 650 | _aAstrology | ||
| 650 | _aEngineering | ||
| 942 |
_2ddc _cBK _08 |
||
| 999 |
_c13037 _d13037 |
||